| 000 | 00457cam a2200145 4500500 | ||
|---|---|---|---|
| 005 | 20260405004314.0 | ||
| 041 | _afre | ||
| 042 | _adc | ||
| 100 | 1 | 0 |
_aTripon-Canseliet, Charlotte _eauthor |
| 245 | 0 | 0 | _aOptoelectronics-microwave |
| 260 | _c2026. | ||
| 500 | _a7 | ||
| 786 | 0 | _nOptics and photonics | - | 2026-03-05 | p. 10-10 | |
| 856 | 4 | 1 | _uhttps://stm.cairn.info/optoelectronic-components--bdti42451210-e3335-page-10?lang=en&redirect-ssocas=7080 |
| 999 |
_c2075589 _d2075589 |
||